<?xml version="1.0" encoding="UTF-8"?>
<record
    xmlns:xsi="http://www.w3.org/2001/XMLSchema-instance"
    xsi:schemaLocation="http://www.loc.gov/MARC21/slim http://www.loc.gov/standards/marcxml/schema/MARC21slim.xsd"
    xmlns="http://www.loc.gov/MARC21/slim">

  <leader>01043nam a2200301 i 4500</leader>
  <controlfield tag="005">20220614115701.0</controlfield>
  <controlfield tag="008">220614t20222022my ao||g |||| 00| 0 may d</controlfield>
  <datafield tag="020" ind1=" " ind2=" ">
    <subfield code="a">9789674881917</subfield>
    <subfield code="c">RM52.00</subfield>
    <subfield code="q">paperback</subfield>
  </datafield>
  <datafield tag="040" ind1=" " ind2=" ">
    <subfield code="a">PPAK</subfield>
    <subfield code="b">eng</subfield>
    <subfield code="c">PPAK</subfield>
    <subfield code="e">rda</subfield>
  </datafield>
  <datafield tag="082" ind1="0" ind2="4">
    <subfield code="2">23</subfield>
    <subfield code="a">158.3</subfield>
  </datafield>
  <datafield tag="090" ind1="0" ind2="0">
    <subfield code="a">158.3 </subfield>
    <subfield code="b">AIN </subfield>
    <subfield code="d">G</subfield>
  </datafield>
  <datafield tag="100" ind1="0" ind2=" ">
    <subfield code="a">Aina Razlin Mohammad Roose,</subfield>
    <subfield code="e">author.</subfield>
  </datafield>
  <datafield tag="245" ind1="1" ind2="0">
    <subfield code="a">Teori Kaunseling : </subfield>
    <subfield code="b">Panduan Pemilihan dan Pembentukan Orientasi Teoritikal Kaunselor / </subfield>
    <subfield code="c">AINA RAZLIN MOHAMMAD ROOSE, RAFIDAH AGA MOHD JALADIN</subfield>
  </datafield>
  <datafield tag="264" ind1=" " ind2="1">
    <subfield code="a">Kuala Lumpur :  </subfield>
    <subfield code="b">Penerbit Universiti Malaya, </subfield>
    <subfield code="c">[2022?]</subfield>
  </datafield>
  <datafield tag="264" ind1=" " ind2="4">
    <subfield code="c">&#xA9;2022</subfield>
  </datafield>
  <datafield tag="300" ind1=" " ind2=" ">
    <subfield code="a">xix, 180 pages : </subfield>
    <subfield code="b">illustrations ;  </subfield>
    <subfield code="c">23 cm</subfield>
  </datafield>
  <datafield tag="336" ind1=" " ind2=" ">
    <subfield code="2">rdacontent</subfield>
    <subfield code="a">text</subfield>
  </datafield>
  <datafield tag="337" ind1=" " ind2=" ">
    <subfield code="2">rdamedia</subfield>
    <subfield code="a">unmediated</subfield>
  </datafield>
  <datafield tag="338" ind1=" " ind2=" ">
    <subfield code="2">rdacarrier</subfield>
    <subfield code="a">volume</subfield>
  </datafield>
  <datafield tag="500" ind1=" " ind2=" ">
    <subfield code="a">Includes index</subfield>
  </datafield>
  <datafield tag="504" ind1=" " ind2=" ">
    <subfield code="a"> Bibliography: pages [167]-175</subfield>
  </datafield>
  <datafield tag="650" ind1="1" ind2="0">
    <subfield code="a">Counseling</subfield>
  </datafield>
  <datafield tag="650" ind1="2" ind2="0">
    <subfield code="a">Psychotherapy</subfield>
  </datafield>
  <datafield tag="650" ind1="2" ind2="0">
    <subfield code="a">Counselors</subfield>
  </datafield>
  <datafield tag="650" ind1="2" ind2="0">
    <subfield code="a">Government publications </subfield>
    <subfield code="z">Malaysia</subfield>
  </datafield>
  <datafield tag="700" ind1="0" ind2=" ">
    <subfield code="a">Rafidah Aga Mohd Jaladin,</subfield>
    <subfield code="e">author.</subfield>
  </datafield>
  <datafield tag="942" ind1=" " ind2=" ">
    <subfield code="2">ddc</subfield>
    <subfield code="c">B</subfield>
  </datafield>
  <datafield tag="999" ind1=" " ind2=" ">
    <subfield code="c">187924</subfield>
    <subfield code="d">187924</subfield>
  </datafield>
  <datafield tag="952" ind1=" " ind2=" ">
    <subfield code="0">0</subfield>
    <subfield code="7">0</subfield>
    <subfield code="b">PPAK</subfield>
    <subfield code="c">G</subfield>
    <subfield code="d">2022-07-04</subfield>
    <subfield code="l">1</subfield>
    <subfield code="o">158.3  AIN </subfield>
    <subfield code="p">A01734401</subfield>
    <subfield code="r">2023-01-08 00:00:00</subfield>
    <subfield code="s">2022-12-15</subfield>
    <subfield code="y">B</subfield>
  </datafield>
  <datafield tag="952" ind1=" " ind2=" ">
    <subfield code="0">0</subfield>
    <subfield code="7">0</subfield>
    <subfield code="b">SP</subfield>
    <subfield code="c">G</subfield>
    <subfield code="d">2022-07-04</subfield>
    <subfield code="l">1</subfield>
    <subfield code="m">1</subfield>
    <subfield code="o">158.3  AIN </subfield>
    <subfield code="p">A01734402</subfield>
    <subfield code="r">2023-07-10 17:14:42</subfield>
    <subfield code="s">2023-05-29</subfield>
    <subfield code="y">B</subfield>
  </datafield>
  <datafield tag="952" ind1=" " ind2=" ">
    <subfield code="0">0</subfield>
    <subfield code="7">0</subfield>
    <subfield code="b">LW</subfield>
    <subfield code="c">G</subfield>
    <subfield code="d">2022-07-04</subfield>
    <subfield code="o">158.3  AIN </subfield>
    <subfield code="p">A01734403</subfield>
    <subfield code="r">2022-07-04 00:00:00</subfield>
    <subfield code="y">B</subfield>
  </datafield>
  <datafield tag="952" ind1=" " ind2=" ">
    <subfield code="0">0</subfield>
    <subfield code="7">0</subfield>
    <subfield code="b">KM</subfield>
    <subfield code="c">G</subfield>
    <subfield code="d">2022-07-04</subfield>
    <subfield code="l">3</subfield>
    <subfield code="m">2</subfield>
    <subfield code="o">158.3  AIN </subfield>
    <subfield code="p">A01734404</subfield>
    <subfield code="r">2024-09-10 11:45:04</subfield>
    <subfield code="s">2024-08-20</subfield>
    <subfield code="y">B</subfield>
  </datafield>
</record>
